| 000 | 00484nam a2200181 i 4500 | ||
|---|---|---|---|
| 001 | sa 63002755 | ||
| 003 | DLC | ||
| 005 | 20260227111936.0 | ||
| 008 | 841113s1962 ii 00011 beno | ||
| 010 | _asa 63002755 //r84 | ||
| 050 | 0 |
_aPK1730.34.Y26 _bM8 |
|
| 100 | 1 | 0 |
_aRāẏa, Biśvanātha, _d1931- |
| 245 | 1 | 0 |
_aMukta bikhaṅga / _cBiśvanātha Rāẏa. |
| 260 | 0 |
_aKalikātā : _bKathākali, _c[1962] |
|
| 300 |
_a188 p. ; _c23 cm. |
||
| 500 | _aNovel. | ||
| 500 | _aIn Bengali. | ||
| 999 |
_c54639 _d54639 |
||